[Event "Walsrode Chessemy op-A"]
[Site "Walsrode"]
[Date "2023.03.11"]
[Round "8"]
[White "Borkhardt, Arndt"]
[Black "Bommini, Mounika Akshaya"]
[Result "0-1"]
[WhiteElo "1938"]
[BlackElo "2118"]
[PlyCount "94"]
[EventDate "2023.03.04"]
[EventType "swiss"]
[EventRounds "9"]
[EventCountry "GER"]
[SourceTitle "CBM 213 Extra"]
[Source "ChessBase"]
[SourceDate "2023.05.31"]
[SourceVersion "1"]
[SourceVersionDate "2023.05.31"]
[SourceQuality "1"]

1. e4 g6 2. d4 Bg7 3. Nc3 d6 4. f4 a6 5. Nf3 b5 6. a3 Nd7 7. Be3 Bb7 8. Be2 c5 9. d5 Ngf6 10. Qd3 Qc7 11. 0-0 Ng4 12. Kh1 Nxe3 13. Qxe3 0-0 14. Bd3 c4 15. Be2 Qc5 16. Qd2 a5 17. a4 b4 18. Nd1 Nf6 19. Nf2 c3 20. bxc3 bxc3 21. Qe1 Qe3 22. Rb1 Rab8 23. Bd3 Qxf4 24. Nd1 Ng4 25. g3 Qh6 26. Kg2 f5 27. h3 Ne5 28. Nxc3 fxe4 29. Nxe5 Rxf1 30. Bxf1 Bxe5 31. Nxe4 Qf8 32. Qxa5 Qf7 33. Bd3 Ra8 34. Qb4 Bxd5 35. Rf1 Qe6 36. a5 Qd7 37. Kh2 Qa7 38. c4 Qe3 39. cxd5 Qxd3 40. Rf2 Qxd5 41. a6 Kg7 42. Qa4 Bd4 43. Rf4 Be5 44. Rf2 Bd4 45. Rf4 Be3 46. Qa1+ e5 47. Rf1 Qxe4 0-1